[Event "Campeonato Gallego Sub-18"]
[Site "Pontedeume"]
[Date "2010.02.16"]
[Round "8"]
[White "Gomez Dominguez, Xavier"]
[Black "Alonso Macias, Victor"]
[Result "1-0"]
[WhiteElo "2033"]
[BlackElo "1999"]
[PlyCount "149"]
[EventDate "2010.02.13"]
[EventRounds "8"]
[EventCountry "ESP"]

1. e4 d5 2. exd5 Nf6 3. d4 Nxd5 4. c4 Nf6 5. Nf3 c6 6. Nc3 Bg4 7. Be2 e6 8. O-O
Bd6 9. h3 Bh5 10. Bg5 h6 11. Be3 Bc7 12. Ne5 Bxe2 13. Qxe2 Nbd7 14. Rad1 Qe7
15. f4 O-O 16. g4 Nxe5 17. dxe5 Nd7 18. Ne4 f6 19. exf6 gxf6 20. f5 exf5 21.
Rxf5 Qxe4 22. Rxd7 Be5 23. Qd2 Rae8 24. Bxh6 Rf7 25. Rd3 Rfe7 26. Rff3 c5 27.
Kg2 Bd4 28. Be3 Bxe3 29. Rdxe3 Qxc4 30. Rxe7 Rxe7 31. Kg3 Qe2 32. Qd5+ Qe6 33.
Qxc5 b6 34. Qd4 Qe1+ 35. Qf2 Qe5+ 36. Kg2 Kg7 37. Qd2 Qb5 38. Rd3 Qc6+ 39. Kg3
Qe6 40. Rd5 Qe4 41. g5 Qe3+ 42. Qxe3 Rxe3+ 43. Kg4 Re2 44. gxf6+ Kxf6 45. Rb5
Rd2 46. Rb4 Kg6 47. h4 Kg7 48. Kf5 Rh2 49. Ke6 a5 50. Rxb6 Rxh4 51. Kd5 a4 52.
a3 Kf7 53. Rb4 Rh5+ 54. Kc6 Ra5 55. Kb6 Ra8 56. Kb5 Ke6 57. Kc4 Rc8+ 58. Kd4
Ra8 59. Rb5 Kd6 60. Kc3 Kc6 61. Kb4 Re8 62. Kxa4 Re2 63. b3 Re7 64. Rb8 Kc5 65.
b4+ Kc6 66. Rc8+ Kb6 67. Rc5 Re3 68. Rh5 Ka6 69. Rh6+ Kb7 70. b5 Rg3 71. Kb4
Rf3 72. a4 Rg3 73. Rh5 Kb8 74. Rh7 Rg5 75. Ka5 1-0

[Event "Campeonato Gallego Sub-18"]
[Site "Pontedeume"]
[Date "2010.02.16"]
[Round "8"]
[White "Medarde Santiago, Luis Marcos"]
[Black "Otero Nogueira, Brais"]
[Result "0-1"]
[WhiteElo "1837"]
[BlackElo "1934"]
[PlyCount "54"]
[EventDate "2010.02.13"]
[EventRounds "8"]
[EventCountry "ESP"]

{581MB, Fritz11.ctg, IBK} 1. e4 c5 2. Nf3 d6 3. d4 cxd4 4. Nxd4 Nf6 5. Nc3 g6
6. Be3 Bg7 7. f3 O-O 8. Bc4 Nc6 9. Qd2 Bd7 10. O-O-O Rc8 11. Bb3 Nxd4 12. Bxd4
b5 13. Nd5 Nxd5 14. Bxg7 Kxg7 15. exd5 a5 16. a3 Qb6 17. h4 a4 18. Ba2 Rxc2+
19. Qxc2 Rc8 20. Qxc8 Bxc8 21. Rd2 b4 22. axb4 Qxb4 23. Rc2 Bf5 24. Rc3 Qf4+
25. Kd1 Qg3 26. h5 Qxg2 27. h6+ Kf6 0-1

[Event "Campeonato Gallego Sub-18"]
[Site "Pontedeume"]
[Date "2010.02.16"]
[Round "8"]
[White "Pedreira Giralda, Francisco"]
[Black "Perez Dominguez, David"]
[Result "0-1"]
[WhiteElo "1749"]
[BlackElo "1733"]
[PlyCount "100"]
[EventDate "2010.02.13"]
[EventRounds "8"]
[EventCountry "ESP"]

1. d3 d5 2. Nf3 Nf6 3. g3 Bf5 4. Bg2 e6 5. Nbd2 Be7 6. O-O O-O 7. Re1 Nc6 8. b3
Qd7 9. Bb2 Rad8 10. Qc1 Bg6 11. e4 h6 12. e5 Nh7 13. d4 Nb4 14. Re3 Nxc2 15.
Rc3 Nxa1 16. Rxc7 Qe8 17. Qxa1 Rd7 18. Qc1 Qd8 19. Rxd7 Qxd7 20. Ne1 Rc8 21.
Qd1 Nf8 22. h4 Qb5 23. Nf1 Qa5 24. Bc1 Qxa2 25. Bd2 Qb2 26. Qg4 Kh8 27. Bxd5
Rd8 28. Bc4 Rxd4 29. Bf4 Bc5 30. h5 Rxc4 31. Qf3 Rc3 32. Ne3 Bxe3 33. Bxe3 Qb1
34. hxg6 Qxe1+ 35. Kh2 Nxg6 36. Qxf7 Kh7 37. Qxe6 Qe2 38. Kg1 Qd1+ 39. Kg2 Qxb3
40. Qd7 Qc4 41. Qd8 Qe4+ 42. Kh2 Nxe5 43. Qf8 Nf3+ 44. Kg2 Ng5+ 45. Kh2 Nf3+
46. Kg2 Rc6 47. Qd8 Rf6 48. Bxa7 h5 49. Qa5 Nh4+ 50. Kh3 Qh1# 0-1

[Event "Campeonato Gallego Sub-18"]
[Site "Pontedeume"]
[Date "2010.02.16"]
[Round "8"]
[White "Millan Soto, Miguel"]
[Black "Gonzalez Carro, Victor"]
[Result "1/2-1/2"]
[WhiteElo "2016"]
[BlackElo "1708"]
[PlyCount "76"]
[EventDate "2010.02.13"]
[EventRounds "8"]
[EventCountry "ESP"]

1. e4 c5 2. Nf3 Nc6 3. d4 cxd4 4. Nxd4 Nf6 5. Nc3 e5 6. Ndb5 d6 7. a4 a6 8. Na3
Be6 9. Bc4 Bxc4 10. Nxc4 Be7 11. Ne3 O-O 12. Nf5 Qd7 13. Bg5 Qe6 14. Bxf6 Bxf6
15. Nd5 Rad8 16. Ra3 Ne7 17. Ndxe7+ Bxe7 18. Qd5 Bf6 19. Rb3 Rd7 20. Rb6 Qxd5
21. exd5 Rfd8 22. O-O g6 23. Ne3 Rc8 24. b3 Bd8 25. Rb4 Rc3 26. Rc4 Rxc4 27.
Nxc4 b5 28. Nb2 e4 29. axb5 axb5 30. Ra1 Bf6 31. Ra8+ Kg7 32. Nd1 Rc7 33. Ne3
Bd4 34. c4 Bxe3 35. fxe3 bxc4 36. bxc4 Kf6 37. Ra4 Ke5 38. Kf2 f5 1/2-1/2

[Event "Campeonato Gallego Sub-18"]
[Site "Pontedeume"]
[Date "2010.02.16"]
[Round "8"]
[White "Blazquez Criado, Sergio"]
[Black "Larrosa Villanueva, Uxia"]
[Result "1-0"]
[WhiteElo "1752"]
[BlackElo "1582"]
[PlyCount "55"]
[EventDate "2010.02.13"]
[EventRounds "8"]
[EventCountry "ESP"]

1. e4 c5 2. d4 cxd4 3. c3 Nc6 4. Nf3 d5 5. exd5 Qxd5 6. cxd4 Bg4 7. Be2 Nf6 8.
Nc3 Qa5 9. Be3 e6 10. O-O Be7 11. Qb3 Qb4 12. Qxb4 Bxb4 13. h3 Bh5 14. Rac1 O-O
15. Rfd1 Rfd8 16. Na4 Ne4 17. g4 Bg6 18. Bb5 Rac8 19. Bxc6 bxc6 20. Ne5 Rd6 21.
Bf4 c5 22. Nxg6 hxg6 23. Bxd6 Nxd6 24. a3 Ba5 25. dxc5 Ne4 26. b4 Bd8 27. Nc3
Ng5 28. Kg2 1-0